00570nam a22001817a 4500999001900000005001700019010001300036020002200049035001300071037002700084082001200111100002000123245005100143260004100194300002100235942002600256952010600282 c163356d16335620190411120201.0 aA-782656 a8172244703c75.00 aA-782656 bJaico Publishing House a795.415 aMendelson, Paul aThe right way to play bridge /cPaul Mendelson aBombaybJaico Publishing Housec1995 a192p.c22cm(pbk) 2ddccENh795.415mMEN 001040708NFICaZLSbZLSd2019-04-11l0o795.415 MENpA-782656r2019-04-11 00:00:00w2019-04-11yEN